Indhiya Thatthuvamum Thamizh Thathuva Marabum (Record no. 177065)

MARC details
000 -LEADER
fixed length control field 00373nam a22001697a 4500
005 - DATE AND TIME OF LATEST TRANSACTION
control field 20260324133047.0
020 ## - INTERNATIONAL STANDARD BOOK NUMBER
ISBN 9788198250247
041 ## - LANGUAGE CODE
Language code of text/sound track or separate title English
082 ## - DEWEY DECIMAL CLASSIFICATION NUMBER
Classification number T16 R24 VEL
100 ## - MAIN ENTRY--AUTHOR NAME
Personal name Velsamy B
245 ## - TITLE STATEMENT
Title Indhiya Thatthuvamum Thamizh Thathuva Marabum
250 ## - EDITION STATEMENT
Edition statement 01
260 ## - PUBLICATION, DISTRIBUTION, ETC. (IMPRINT)
Place of publication Chennai
Name of publisher NCBH
Year of publication 2024
300 ## - PHYSICAL DESCRIPTION
Number of Pages 316
365 ## - TRADE PRICE
Price amount 400.00
942 ## - ADDED ENTRY ELEMENTS (KOHA)
Koha item type Books
Holdings
Withdrawn status Lost status Home library Current library Date acquired Cost, normal purchase price Full call number Accession Number Cost, replacement price Department Koha item type
    PSG-CAS LIBRARY PSG-CAS LIBRARY 24/03/2026 400.00 T16 R24 VEL 153154 400.00 Tamil Books

Contact Us:

PSGCAS LIBRARY
Phone: 04224303300
Website: http://www.psgcas.ac.in/ | Email: psgcaslib@gmail.com


You are Visitor Number

web counter